| 000 | 01297 a2200373 4500 | ||
|---|---|---|---|
| 001 | 200128790 | ||
| 003 | TR-AnTOB | ||
| 005 | 20250506144227.0 | ||
| 008 | 130702s2008 tu 000 0 | ||
| 020 | _a9789944405386 | ||
| 035 | _a200128790 | ||
| 040 |
_aTR-AnTOB _cTR-AnTOB |
||
| 041 | _atur | ||
| 050 | 0 | 0 |
_aKKX3220 _b.T87 2008 v.3 |
| 090 | _aKKX3220 .T87 2008 v.3 | ||
| 245 | 0 | 0 | _aFason üretim ve teknoloji transferi anlaşmalarında grup muafiyeti tartışmaları 29 Haziran 2007 |
| 264 | 1 |
_aİstanbul : _bTÜSİAD, _c2008. |
|
| 300 |
_a67 sayfa ; _c28 cm. |
||
| 336 |
_2rdacontent _atext _btxt |
||
| 337 |
_2rdamedia _aunmediated _bn |
||
| 338 |
_2rdacarrier _avolume _bnc |
||
| 490 | 0 |
_aTÜSİAD ; _vT/2008-5-465. _aTÜSİAD Rekabet Hukuku Toplantıları Serisi ; _v3 |
|
| 650 | 0 | 0 |
_aAntitrust law _zTurkey _934479 |
| 650 | 0 |
_933686 _aRestraint of trade _zTurkey |
|
| 650 | 0 |
_aAntitröst hukuku _zTürkiye _941768 |
|
| 650 | 0 |
_aAntitrust law _zTurkey _934479 |
|
| 650 | 0 |
_aTicaretin kısıtlanması _zTürkiye _932127 |
|
| 650 | 0 |
_aSubcontracting _zTurkey _9122548 |
|
| 650 | 0 |
_aFason üretim _zTürkiye _987391 |
|
| 650 | 0 |
_aAntitröst hukuku _zTürkiye _941768 |
|
| 710 | 2 |
_aTürk Sanayicileri ve İş Adamları Derneği _918434 |
|
| 942 |
_cBK _2lcc |
||
| 999 |
_c200128790 _d22159 |
||